000 00477nam a2200169Ia 4500
008 090201s9999 xx 000 0 und d
010 _aKPL-8704
040 _bमराठी
041 _aमराठी
082 _a53128
_b8704
100 _aद भि रणादिवे
245 _aमयूख
_cद भि रणादिवे
260 _c2007
_bसरस प्रकाशन
300 _a148
_bमोठा
600 _aमयूख
942 _cBOOK
999 _c249552
_d249552